书目信息 |
| 题名: |
公路路基施工技术规范 JTJ033-95
|
|
| 作者: | 交通部第一公路工程总公司 主编 | |
| 分册: | ||
| 出版信息: | 北京 人民交通出版社 2000.04 |
|
| 页数: | 182页 | |
| 开本: | 32开 | |
| 丛书名: | ||
| 单 册: | ||
| 中图分类: | U416-65 | |
| 科图分类: | ||
| 主题词: | 道路工程 | |
| 电子资源: | ||
| ISBN: | ||
| 000 | 00620nam0 2200181 45 | |
| 001 | 0010030853 | |
| 005 | 20001205100123.3 | |
| 010 | @d15.50元 | |
| 100 | @a20001003d2000 km y0chiy0120 ea | |
| 101 | 0 | @achi |
| 200 | 1 | @a公路路基施工技术规范 JTJ033-95@AGong Lu Lu Ji Shi Gong Ji Shu Gui Fan JTJ033-95@f交通部第一公路工程总公司 主编@FJiao Tong Bu Di Yi Gong Lu Gong Cheng Zong Gong Si Zhu Bian |
| 210 | @a北京@c人民交通出版社@d2000.04 | |
| 215 | @a182页@d32开 | |
| 606 | 0 | @a道路工程 |
| 690 | @aU416-65@v3 | |
| 701 | 0 | @a交通部第一公路工程总公司@4主编 |
| 801 | @aCN@bPftUser@c20001003 | |
| 905 | @dU416-65@eJ:072@b513725-726@f2 | |
| 公路路基施工技术规范 JTJ033-95/交通部第一公路工程总公司 主编.-北京:人民交通出版社,2000.04 |
| 182页;32开 |
| ISBN :15.50元 |
| ● |
| 相关链接 |
|
|
|
正题名:公路路基施工技术规范 JTJ033-95
索取号:U416-65/J:072
 
预约/预借
| 序号 | 登录号 | 条形码 | 馆藏地/架位号 | 状态 | 备注 |
| 1 | 125705 | 201257059 | 自科库501/ [索取号:U416-65/J:072] | 在馆 | |
| 2 | 125710 | 201257102 | 期刊室512/501自科库 52排7列4层/ [索取号:U416-65/J:072] | 在馆 | |
| 3 | 125711 | 201257111 | 自科库501/501自科库 52排7列4层/ [索取号:U416-65/J:072] | 在馆 | |
| 4 | 513725 | 205137252 | 期刊室512/501自科库 52排7列4层/ [索取号:U416-65/J:072] | 在馆 | |
| 5 | 513726 | 205137261 | 市政与环境工程学院资料室/ [索取号:U416-65/J:072] | 在馆 |